000 01065nam a2200277 i 4500
001 197445
003 ES-MaACL
005 20250821063125.0
008 250505b2024 sp ||||| |||| 00| 0 spa d
020 _a9798345859100
040 _bspa
_cES-MaACL
100 1 _9240385
_aAntonio de Pedro, Julián de,
_d1946-
_eaut
245 _aStarsfy :
_bCharlando como solíamos /
_cJulián de Antonio de Pedro.
264 _a[s. l.] :
_bJulián de Antonio de Pedro,
_c©2024.
300 _a524 páginas ;
_c23 cm.
336 _2rdacontent
_atexto
337 _2rdamedia
_asin mediación
338 _2rdacarrier
_avolumen
655 0 _9234319
_aNovelas
852 _aES-MaACL
_cDEPOJ
_jN-10488
_gDedicatoria autógrafa del autor
_hDonación: Julián de Antonio de Pedro
_xEncuadernación rústica
_9206611
903 _9240385
_aAntonio de Pedro, Julián de,
_d1946-
_ednr
942 _cMONOGRAFIA
_n0
999 _c197445
_d197445